Flaggen der Welt mit Weiß - Statistiken

Allgemein
  • Dieses Quiz wurde 107 mal gespielt
    96 seit der letzten Aktualisierung
  • Das Durchschnittsergebnis liegt bei 103 aus 141
Antwortstatistiken
Bildquiz Antwort % Korrekt
Ägypten
95%
Australien
94%
Argentinien
91%
Brasilien
91%
Frankreich
91%
Island
91%
Japan
91%
Algerien
90%
Finnland
90%
Indien
90%
Irland
90%
Israel
90%
Bosnien und Herzegowina
88%
Dänemark
88%
Griechenland
88%
Kanada
88%
Kroatien
88%
Italien
87%
Belarus
86%
Chile
86%
Estland
86%
Georgien
85%
Mexiko
85%
Niederlande
85%
Österreich
85%
Polen
85%
Afghanistan
84%
Iran
84%
Luxemburg
84%
Norwegen
84%
Russland
84%
Schweiz
84%
Bhutan
83%
Indonesien
83%
Lettland
83%
Neuseeland
83%
Südkorea
83%
Bulgarien
81%
Costa Rica
81%
Jemen
81%
Katar
81%
Libanon
81%
Monaco
81%
Slowenien
81%
Aserbaidschan
80%
Elfenbeinküste
80%
Irak
80%
Kenia
80%
Malta
80%
Niger
80%
Panama
80%
Slowakei
80%
Südafrika
80%
Kosovo
79%
Kuba
79%
Portugal
79%
Nepal
78%
Nigeria
78%
Nordkorea
78%
Tschechien
78%
Fidschi
77%
Honduras
77%
Serbien
77%
Syrien
77%
Pakistan
76%
Vereinigtes Königreich
76%
Vereinigte Staaten
76%
Bahrain
74%
Dominikanische Republik
74%
Peru
74%
Thailand
74%
Türkei
74%
Kambodscha
73%
Malaysia
73%
Guatemala
72%
Tunesien
72%
Uruguay
72%
Antigua und Barbuda
71%
Jordanien
71%
Laos
71%
Lesotho
71%
San Marino
71%
Somalia
71%
Haiti
70%
Kuwait
70%
Nicaragua
70%
Papua-Neuguinea
70%
Vatikanstadt
70%
Botswana
69%
Brunei
69%
Belize
67%
Dominica
67%
Libyen
67%
Paraguay
67%
Eswatini
66%
Kiribati
66%
Oman
66%
Seychellen
66%
Zypern
66%
Singapur
65%
Liberia
64%
Trinidad und Tobago
64%
Uganda
64%
Ungarn
64%
Vereinigte-Arabische-Emirate
64%
El Salvador
63%
Marshallinseln
63%
Mosambik
63%
Nauru
62%
Philippinen
62%
Südsudan
62%
Guyana
60%
Madagaskar
60%
Mikronesien
60%
Osttimor
60%
Samoa
60%
St. Lucia
60%
Sudan
60%
Tonga
60%
Turkmenistan
60%
Venezuela
60%
Burundi
59%
Dschibuti
59%
Kap Verde
59%
Komoren
59%
Myanmar
59%
Usbekistan
59%
Taiwan
58%
Simbabwe
57%
Tadschikistan
57%
Tuvalu
57%
Äquatorialguinea
55%
Namibia
55%
Togo
55%
Malediven
53%
Suriname
53%
Salomonen
52%
St.Kitts und Nevis
51%
Gambia
49%
Zentralafrikanische Republik
49%
Sierra Leone
43%
Keine übereinstimmenden Quizze gefunden
Verteilung der Resultate
Anzahl Personen mit jedem Resultat
Perzentil nach korrekt beantworteten Fragen
Ihre Resultats-Entwicklung
Sie haben dieses Quiz seit der letzten Aktualisierung nicht gespielt